La vidriera española (Record no. 14644)

MARC details
000 -LEADER
campo de control de longitud fija 00573nam a2200193 i 4500
001 - NÚMERO DE CONTROL
campo de control 14644
003 - IDENTIFICADOR DE NÚMERO DE CONTROL
campo de control ES-MaACL
005 - FECHA Y HORA DE LA ÚLTIMA TRANSACCIÓN
campo de control 20230906150843.0
007 - CAMPO FIJO DE DESCRIPCIÓN FÍSICA--INFORMACIÓN GENERAL
campo de control de longitud fija t|
008 - DATOS DE LONGITUD FIJA--INFORMACIÓN GENERAL
campo de control de longitud fija 990520s1998 sp ||||1| spa d
020 ## - NÚMERO INTERNACIONAL ESTÁNDAR DEL LIBRO
Número Internacional Estándar del Libro 84-89569-23-1
080 ## - NÚMERO DE LA CLASIFICACIÓN DECIMAL UNIVERSAL
Número de la Clasificación Decimal Universal 748.5(460)(091)
100 1# - ENTRADA PRINCIPAL--NOMBRE DE PERSONA
Nombre de persona Nieto Alcaide, Víctor.
9 (RLIN) 85671
245 13 - MENCIÓN DEL TÍTULO
Título La vidriera española
Resto del título : ocho siglos de luz /
Mención de responsabilidad, etc. Víctor Nieto Alcaide.
260 ## - PUBLICACIÓN, DISTRIBUCIÓN, ETC.
Lugar de publicación, distribución, etc. Madrid :
Nombre del editor, distribuidor, etc. Nerea,
Fecha de publicación, distribución, etc. [1998]
300 ## - DESCRIPCIÓN FÍSICA
Extensión 416 p. :
Otras características físicas il. ;
Dimensiones 33 cm.
650 14 - PUNTO DE ACCESO ADICIONAL DE MATERIA--TÉRMINO DE MATERIA
Término de materia o nombre geográfico como elemento de entrada Vidrieras-
Subdivisión geográfica España-
Subdivisión de forma Historia.
9 (RLIN) 17801
852 ## - LOCALIZACIÓN
Ubicación ES-MaACL
Número de control de estantería L-21900
Sublocalización o colección R.127239
Holdings
Estatus retirado Estado de pérdida Estado de daño No para préstamo Biblioteca de origen Biblioteca actual Ubicación en estantería Fecha de adquisición Fuente de adquisición Total de préstamos Signatura topográfica completa Código de barras Visto por última vez Precio de reemplazo Tipo de ítem Koha
        Biblioteca del Ateneo de Madrid Biblioteca del Ateneo de Madrid Depósito 2 17/01/2008     L-21900 1014892 23/02/2023 23/02/2023 Libro impreso